000 01332nam a2200277Ia 4500
999 _c48585
_d48585
001 15484
003 GE_BSU
005 20241127161111.0
008 181216s2015||||ge |||||||||||||| ||geo||
040 _cGE_BSU
041 _ageo
080 _a51+52+1+821.222.1.09 მ-43
100 _aმახარაძე, შოთა
_92482
245 _aომარ ხაიამი :
_bმათემატიკოსი, ასტრონომი, ფილოსოფოსი და პოეტი /
_cშოთა მახარაძე ; რედაქტორი ემენ დავითაძე.
264 _aთბილისი :
_bივერიონი,
_c2015.
300 _a314 გვ. :
_bილ. ;
_c20,5 სმ
500 _aწიგნს ახლავს მინაწერი. F 131.989/3
500 _a შენიშვნები და კომენტარები : გვ. 243-290
504 _aბიბლიოგრაფია : გვ. 304-314
653 _aასტრონომი
653 _aფილოსოფოსი და პოეტი
653 _aომარ ხაიამი
653 _aმათემატიკოსი
700 _aდავითაძე, ემენ
_eრედაქტორი
_93500
942 _cBK
_2udc